| 000 | 00977nam a22003377a 4500 | ||
|---|---|---|---|
| 005 | 20220210102618.0 | ||
| 008 | 160201b xxu||||| |||| 00| 0 spa d | ||
| 020 | _a9789701034576 | ||
| 041 | _aspa | ||
| 082 | _a621.381.5 A375c | ||
| 100 |
_aAlexander, Charles K. _92050 |
||
| 245 | _aFundamentos de circuitos eléctricos | ||
| 260 | _aMéxico | ||
| 260 | _bMcGraw-Hill | ||
| 260 | _c2002 | ||
| 300 | _a986 páginas | ||
| 505 | _aContiene disco compacto N° 134 | ||
| 650 |
_aELECTRÓNICA _91815 |
||
| 650 |
_aCIRCUITOS ELÉCTRICOS _91857 |
||
| 650 |
_aAMPLIFICADORES OPERACIONALES _91831 |
||
| 650 |
_aCAPACITADORES _91972 |
||
| 650 |
_aINDUCTORES _91833 |
||
| 650 |
_aANÁLISIS SENOIDAL _92052 |
||
| 650 |
_aCIRCUITOS TRIFÁSICOS _92053 |
||
| 650 |
_aCIRCUITOS MAGNÉTICAMENTE ACOPLADOS _92054 |
||
| 650 |
_aTRANSFORMADA DE LAPLACE _91990 |
||
| 650 |
_aTRANSFORMADA DE FOURIER _92057 |
||
| 650 |
_aFARINGE _92593 |
||
| 650 |
_aREDES _92058 |
||
| 942 | _cBK | ||
| 999 |
_c10519 _d10519 |
||